00245 a2200121 4500001000700000040003500007100001600042240002200058245001700080300000800097362000900105440000900114155153 cEscola São Tomás de Aquino aLIMA, Mirna10aPorta Abertalpor10aPorta Aberta a1690 a2015 1aFTD